000 00290nam a2200097Ia 4500
001 1253366
005 20251031150952.0
008 251031s9999 xx 000 0 und d
245 0 _cÇOŞKUN ALPTEKİN
_aY-4 SELÇUKLU VE ATABEGLİKLER TARİHİ Ü.ARAŞTIRMALAR
260 _bYEDİTEPE YAYINLARI
999 _c1253366
_d1253366